Manažérsky informačný systém - nástroj na riadenie

Manažérsky informačný systém zabezpečuje ekonomické a finančné analýzy, plánovanie a modelovanie finančnej situácie podniku, zostavenie variantov podnikateľskej stratégie, odhaľovanie silných a slabých stránok vlastnej firmy i konkurencie. Business intelligence nástroje, ich kategórie.

Enregistré dans:
Détails bibliographiques
Auteur principal: Cárachová, Magdaléna
Format: Chapitre de livre
Langue:slovaque
Sujets:
Tags: Ajouter un tag
Pas de tags, Soyez le premier à ajouter un tag!

MARC

LEADER 00000nla a2200000 4500
001 0224722
005 20240502083559.9
041 0 |a slo 
044 |a CZ 
245 1 0 |a Manažérsky informačný systém - nástroj na riadenie  |c Magdaléna Cárachová 
520 |a Manažérsky informačný systém zabezpečuje ekonomické a finančné analýzy, plánovanie a modelovanie finančnej situácie podniku, zostavenie variantov podnikateľskej stratégie, odhaľovanie silných a slabých stránok vlastnej firmy i konkurencie. Business intelligence nástroje, ich kategórie. 
610 2 0 |a podnik 
610 2 0 |a systémy informačné manažérske 
610 2 0 |a rozhodovanie manažérske 
610 2 0 |a analýzy 
610 2 0 |a reporting 
610 2 0 |a business intelligence 
100 1 |a Cárachová, Magdaléna